Growing Cities in the Baltics and Belarus - Statistics

General Stats
  • This quiz has been taken 58 times
  • The average score is 4 of 5
Answer Stats
Population Population Gained City % Correct
2,009,786 172,978 Minsk
100%
546,155 21,749 Vilnius
98%
438,341 45,119 Tallinn
94%
340,318 30,554 Brest
75%
357,510 29,970 Grodno
53%
No matching quizzes found
Score Distribution
Percent of People with Each Score
Percentile by Number Answered
Your Score History
You have not taken this quiz